000 00847cam a22002771 4500
001 17169
003 BD-RjUL
005 20211209000111.0
008 140216s1970 pk f b 000 0 eng
035 _a(BD-RjUL)17226
040 _aDLC
_cDLC
_dDLC
_dBD-RjUL
_beng
041 _aeng
082 _a720.954
_bHUM
100 1 _aHusain, A. B. M.,
_d1934-
_952952
245 1 4 _aThe manara in Indo-Muslim architecture /
_cA. B. M. Husain.
260 _aDacca, :
_bAsiatic Society of Pakistan,
_c1970.
300 _aiii, ii, ii, 258 p. :
_b98 plates. ;
_c25 cm.
350 _a28.00
410 2 0 _aAsiatic Society of Pakistan.
_tPublication
_vno. 25
504 _aBibliography: p. [237]-246.
650 0 _aArchitecture, Moghal
_zIndia.
_952953
650 0 _aMinarets
_zIndia.
_952954
942 _2ddc
_cBK
999 _c17169
_d17169